Communication with God : (Record no. 4337)

MARC details
000 -LEADER
fixed length control field 00636nam a22002057a 4500
003 - CONTROL NUMBER IDENTIFIER
control field OSt
005 - DATE AND TIME OF LATEST TRANSACTION
control field 20250829052252.0
008 - FIXED-LENGTH DATA ELEMENTS--GENERAL INFORMATION
fixed length control field 250829b |||||||| |||| 00| 0 eng d
020 ## - INTERNATIONAL STANDARD BOOK NUMBER
International Standard Book Number 0-340-76784-7
040 ## - CATALOGING SOURCE
Transcribing agency OC
082 ## - DEWEY DECIMAL CLASSIFICATION NUMBER
Classification number Circ. 299.67 W222 2000
100 ## - MAIN ENTRY--PERSONAL NAME
Personal name Walsch, N.D.
245 ## - TITLE STATEMENT
Title Communication with God :
Remainder of title an uncommon dialogue
260 ## - PUBLICATION, DISTRIBUTION, ETC.
Place of publication, distribution, etc. Great Britain :
Name of publisher, distributor, etc. Hodde and Stoughten,
Date of publication, distribution, etc. c2000
300 ## - PHYSICAL DESCRIPTION
Extent 229 pages :
Dimensions 23 cm.
504 ## - BIBLIOGRAPHY, ETC. NOTE
Bibliography, etc. note Includes index
650 ## - SUBJECT ADDED ENTRY--TOPICAL TERM
Source of heading or term Experience (religion)
650 ## - SUBJECT ADDED ENTRY--TOPICAL TERM
Source of heading or term God-knowablesness
942 ## - ADDED ENTRY ELEMENTS (KOHA)
Source of classification or shelving scheme Dewey Decimal Classification
Koha item type Book Circulation
Classification part Circ. 299.67 W222 2000
Call number prefix Circ.
Suppress in OPAC No
952 ## - LOCATION AND ITEM INFORMATION (KOHA)
--
Holdings
Withdrawn status Lost status Source of classification or shelving scheme Damaged status Not for loan Home library Current library Shelving location Date acquired Source of acquisition Total Checkouts Full call number Barcode Date last seen Copy number Price effective from Koha item type Uniform Resource Identifier
    Dewey Decimal Classification     College Library College Library Circulation 02/03/2006 Donation   Circ. 299.67 W222 2000 CL42754 08/29/2025 c1 08/29/2025 BK-CIRC